[Event "IECG TE.2005.P.01807 email"]
[Site "IECG email"]
[Date "2005.03.24"]
[Round "1"]
[White "Grammenos, Nikos"]
[Black "Fraemohs, Peter"]
[Result "1-0"]
[WhiteElo "800"]
[BlackElo "1650"]
[PlyCount "49"]
[EventDate "2005.03.24"]
[EventType "tourn (corr)"]
[EventRounds "12"]
[SourceTitle "Corr 2024"]
[Source "ChessBase"]
[SourceDate "2023.10.19"]
[SourceVersion "1"]
[SourceVersionDate "2023.10.19"]
[SourceQuality "1"]

1. d4 Nf6 2. c4 c5 3. d5 b5 4. Nf3 Bb7 5. b3 e6 6. dxe6 fxe6 7. Nc3 b4 8. Na4 Be7 9. e3 0-0 10. Qc2 d6 11. Bd3 Bxf3 12. gxf3 Nbd7 13. Rg1 Ne5 14. Ke2 Nxd3 15. Qxd3 Qe8 16. Bb2 Rd8 17. e4 Nh5 18. Qd2 Nf4+ 19. Ke3 Qh5 20. Rxg7+ Kh8 21. Rg5+ e5 22. Rxh5 Nxh5 23. Rg1 Nf4 24. Rg4 h5 25. Rg3 1-0

[Event "Canterbury op"]
[Site "Canterbury"]
[Date "2003.??.??"]
[Round "6.8"]
[White "Fraemohs, Peter"]
[Black "Bennett, Hilton Petrie"]
[Result "0-1"]
[WhiteElo "1784"]
[BlackElo "2065"]
[PlyCount "42"]
[EventDate "2003.10.25"]
[EventType "swiss"]
[EventRounds "6"]
[EventCountry "NZL"]
[SourceTitle "CBM 097 Extra"]
[Source "ChessBase"]
[SourceDate "2004.01.13"]
[SourceVersion "1"]
[SourceVersionDate "2004.01.13"]
[SourceQuality "1"]

1. d4 Nf6 2. c4 e5 3. dxe5 Ng4 4. e4 Nxe5 5. Nf3 Nbc6 6. Nxe5 Nxe5 7. Be2 Bc5 8. Nd2 d6 9. Nf3 Ng6 10. 0-0 0-0 11. Qc2 Qe7 12. h3 f5 13. Bd3 f4 14. Bd2 Ne5 15. Nxe5 dxe5 16. b4 Bd4 17. Bc3 f3 18. Bxd4 Qg5 19. g3 Bxh3 20. Rfc1 Qh5 21. Bf1 Bxf1 0-1